[Event "Piriapolis"]
[Site "Piriapolis"]
[Date "1977.??.??"]
[Round "1"]
[White "Trois, Francisco RT"]
[Black "Bademian, Jose"]
[Result "1-0"]
[WhiteElo "2395"]
[BlackElo "2235"]
[PlyCount "73"]
[EventDate "1977.??.??"]
[Source "ChessBase"]

1. Nf3 d5 2. b3 Nf6 3. Bb2 g6 4. c4 Bg7 5. g3 O-O 6. Bg2 Nc6 7. O-O a5 8. cxd5
Nb4 9. a3 Nbxd5 10. Qc2 c6 11. e4 Nc7 12. d4 h6 13. Nc3 Be6 14. h3 Na6 15. Ne2
Qb6 16. Nd2 Qb5 17. Nf4 Nc7 18. Rfd1 Rfd8 19. Rac1 Rd7 20. Bf1 Qb6 21. Nc4 Qa7
22. Ne5 Rdd8 23. d5 Bd7 24. Nxd7 Rxd7 25. dxc6 Rxd1 26. Rxd1 bxc6 27. Qxc6 Nxe4
28. Qxe4 Bxb2 29. Rd7 Re8 30. Nd5 Bxa3 31. Rxc7 Qb8 32. Bc4 Bb2 33. Nxe7+ Kg7
34. Qf4 Rf8 35. Nf5+ gxf5 36. Rxf7+ Kg6 37. Qxf5# 1-0

[Event "Piriapolis"]
[Site "Piriapolis"]
[Date "1977.??.??"]
[Round "2"]
[White "Garcia, Horacio"]
[Black "Trois, Francisco RT"]
[Result "0-1"]
[WhiteElo "2350"]
[BlackElo "2395"]
[PlyCount "82"]
[EventDate "1977.??.??"]
[Source "ChessBase"]

1. Nf3 g6 2. d4 Bg7 3. c3 Nf6 4. Bf4 b6 5. e3 c5 6. a4 O-O 7. Be2 Ba6 8. Bxa6
Nxa6 9. O-O d6 10. h3 Qd7 11. Qe2 Qb7 12. Nbd2 cxd4 13. exd4 Nb8 14. Rfe1 Nc6
15. Bh2 Rfe8 16. Qb5 a6 17. Qb3 Na5 18. Qa2 Rec8 19. b4 Nc6 20. Qb3 b5 21. Ng5
Nd8 22. Nge4 Nd5 23. Rac1 Ne6 24. Nb1 Qc6 25. axb5 axb5 26. Rcd1 Qc4 27. Qxc4
Rxc4 28. Rd3 Bh6 29. Kf1 Ra6 30. Rf3 Ra1 31. h4 f5 32. Ned2 Bxd2 33. Nxd2 Rxe1+
34. Kxe1 Rxc3 35. Rxc3 Nxc3 36. Nb3 Nd5 37. Ke2 Nxb4 38. f3 h5 39. Bg1 Nd5 40.
Na5 Kf7 41. Nc6 Ke8 0-1

[Event "Piriapolis"]
[Site "Piriapolis"]
[Date "1977.??.??"]
[Round "4"]
[White "Diano, D."]
[Black "Trois, Francisco RT"]
[Result "0-1"]
[WhiteElo "2200"]
[BlackElo "2395"]
[PlyCount "81"]
[EventDate "1977.??.??"]
[Source "ChessBase"]

1. f4 d5 2. b3 Nf6 3. Bb2 g6 4. Nf3 Bg7 5. e3 O-O 6. Nc3 c5 7. Ne2 Nc6 8. Ng3
d4 9. Bd3 Nd5 10. O-O dxe3 11. Bxg7 Kxg7 12. f5 e6 13. fxg6 hxg6 14. a3 e5 15.
Be4 Bg4 16. h3 e2 17. Qxe2 Nd4 18. Qc4 Be6 19. Nxd4 cxd4 20. Qe2 Nf4 21. Qf3
Rc8 22. Rac1 b6 23. Ne2 Nxe2+ 24. Qxe2 Qd6 25. a4 Rc5 26. b4 Rc7 27. b5 Rc4 28.
Ra1 f5 29. d3 Rc5 30. Bc6 a5 31. Rae1 e4 32. Rf2 e3 33. Rf3 f4 34. Ref1 Rcf5
35. Be4 R5f6 36. Qe1 g5 37. c3 Qe5 38. cxd4 Qxd4 39. Kh1 Rh6 40. Kh2 Qe5 41.
Qa1 0-1

[Event "Piriapolis"]
[Site "Piriapolis"]
[Date "1977.??.??"]
[Round "5"]
[White "Trois, Francisco RT"]
[Black "Rivera, Do"]
[Result "1-0"]
[WhiteElo "2395"]
[BlackElo "2200"]
[PlyCount "73"]
[EventDate "1977.??.??"]
[Source "ChessBase"]

1. Nf3 d5 2. b3 Bg4 3. Bb2 e6 4. e3 Nf6 5. d3 Bd6 6. h3 Bh5 7. g4 Bg6 8. Ne5
Nbd7 9. Nxd7 Nxd7 10. Bxg7 Rg8 11. Bb2 Qe7 12. Bg2 c6 13. Qe2 O-O-O 14. Nd2 e5
15. O-O-O f6 16. Rde1 Kb8 17. Rhf1 Rge8 18. Kb1 Nc5 19. Qd1 e4 20. dxe4 dxe4
21. Qc1 Na6 22. Rd1 f5 23. Nc4 Bc7 24. Rxd8+ Rxd8 25. Rd1 Rd5 26. Rxd5 cxd5 27.
gxf5 Bxf5 28. Nd2 Qh4 29. Qf1 Qh6 30. a3 Qg6 31. b4 Bd6 32. Nb3 Qg5 33. Nd4 Bg6
34. Nb5 Be5 35. f4 exf3 36. Qxf3 b6 37. Qf8+ 1-0

[Event "Piriapolis"]
[Site "Piriapolis"]
[Date "1977.??.??"]
[Round "7"]
[White "Trois, Francisco RT"]
[Black "Ricetto, Alvaro"]
[Result "1-0"]
[WhiteElo "2395"]
[BlackElo "2225"]
[PlyCount "43"]
[EventDate "1977.??.??"]
[Source "ChessBase"]

1. Nf3 d5 2. d4 Nf6 3. c4 e6 4. Nc3 Bb4 5. a3 Bxc3+ 6. bxc3 b6 7. cxd5 exd5 8.
e3 O-O 9. a4 Bb7 10. Ba3 Re8 11. Bb5 c6 12. Bd3 Nbd7 13. O-O Ne4 14. c4 Re6 15.
Qc2 Ba6 16. Rfd1 h6 17. Rac1 Rc8 18. h3 Nd6 19. Bh7+ Kh8 20. Bxd6 Rxd6 21. Ne5
Rf6 22. Bf5 1-0

[Event "Piriapolis"]
[Site "Piriapolis"]
[Date "1977.??.??"]
[Round "8"]
[White "Trois, Francisco RT"]
[Black "Silva Nazzari, Roberto"]
[Result "1-0"]
[WhiteElo "2395"]
[BlackElo "2275"]
[PlyCount "53"]
[EventDate "1977.??.??"]
[Source "ChessBase"]

1. d4 Nf6 2. c4 g6 3. Nc3 d5 4. Nf3 Bg7 5. e3 O-O 6. Qb3 dxc4 7. Bxc4 Nc6 8.
Bb5 Bd7 9. O-O a6 10. Be2 Be6 11. Qd1 Bg4 12. h3 Bxf3 13. Bxf3 Qd6 14. b3 Rfd8
15. Bb2 e5 16. dxe5 Nxe5 17. Bxb7 Rab8 18. Qxd6 Rxd6 19. Na4 Nd3 20. Bf3 Nxb2
21. Nxb2 Nd7 22. Nc4 Ne5 23. Nxd6 Nxf3+ 24. gxf3 Bxa1 25. Ne4 Rb4 26. Rc1 Be5
27. Rc5 1-0

[Event "Sao Paulo"]
[Site "Sao Paulo"]
[Date "1977.??.??"]
[Round "1"]
[White "Trois, Francisco RT"]
[Black "Van Riemsdijk, Herman C"]
[Result "1/2-1/2"]
[WhiteElo "2395"]
[BlackElo "2385"]
[PlyCount "29"]
[EventDate "1977.05.??"]
[Source "ChessBase"]
[SourceDate "1997.11.17"]

1. e4 c5 2. Nf3 e6 3. d4 cxd4 4. Nxd4 Nf6 5. Bd3 Be7 6. O-O d6 7. Nc3 O-O 8.
Kh1 Nc6 9. Be3 e5 10. Nde2 Be6 11. f4 d5 12. exd5 Nxd5 13. Nxd5 Bxd5 14. Nc3
exf4 15. Bxf4 1/2-1/2

[Event "Sao Paulo"]
[Site "Sao Paulo"]
[Date "1977.??.??"]
[Round "3"]
[White "Trois, Francisco RT"]
[Black "Razuvaev, Yuri S"]
[Result "0-1"]
[WhiteElo "2395"]
[BlackElo "2510"]
[PlyCount "64"]
[EventDate "1977.05.??"]
[Source "ChessBase"]
[SourceDate "1997.11.17"]

1. c4 e5 2. Nc3 d6 3. g3 g6 4. Bg2 Bg7 5. d3 f5 6. e3 Nf6 7. Nge2 O-O 8. O-O a5
9. Rb1 Nbd7 10. a3 Kh8 11. b4 axb4 12. axb4 c6 13. b5 c5 14. Qc2 Nb6 15. e4 Qe7
16. Bd2 Nh5 17. f4 Be6 18. Rbe1 Qd7 19. Nd5 Bxd5 20. exd5 Qc7 21. Kh1 Nd7 22.
Ng1 h6 23. Nf3 Kh7 24. Re2 Ra3 25. Rfe1 Rfa8 26. Bc1 Ra1 27. Bh3 Qa5 28. Nh4
Nhf6 29. Bd2 Qa2 30. Rxa1 Qxc2 31. Rxa8 Qd1+ 32. Re1 Qxd2 0-1

[Event "Sao Paulo"]
[Site "Sao Paulo"]
[Date "1977.??.??"]
[Round "4"]
[White "Quinteros, Miguel A"]
[Black "Trois, Francisco RT"]
[Result "1-0"]
[WhiteElo "2555"]
[BlackElo "2395"]
[PlyCount "125"]
[EventDate "1977.05.??"]
[Source "ChessBase"]
[SourceDate "1997.11.17"]

1. d4 Nf6 2. c4 e6 3. g3 Bb4+ 4. Nd2 d5 5. Bg2 O-O 6. Ngf3 dxc4 7. Qc2 Nc6 8.
Qxc4 Qd5 9. O-O Rd8 10. e3 Qxc4 11. Nxc4 Nd5 12. a3 Bf8 13. b4 Bd7 14. Bd2 Rac8
15. Rfc1 a6 16. Rc2 Be8 17. Rac1 h6 18. h4 g6 19. Nb2 Nb6 20. Ne1 Bg7 21. Ned3
Rb8 22. Be1 Nd5 23. Nc4 Na7 24. Nc5 Nb5 25. a4 Nd6 26. Nb2 c6 27. e4 Ne7 28.
Bc3 Ndc8 29. Rd1 Nb6 30. Rcd2 Rd6 31. a5 Nbc8 32. Nc4 Rd8 33. Bf1 Na7 34. Bb2
Nb5 35. Kg2 h5 36. Be2 Nc8 37. f3 Ncd6 38. Ne3 Bd7 39. g4 hxg4 40. fxg4 Ne8 41.
g5 Bc8 42. e5 Nbc7 43. h5 Bf8 44. hxg6 fxg6 45. Bd3 Be7 46. Kf3 Ng7 47. Bxg6
Bxg5 48. Rg2 Rf8+ 49. Ke2 Bxe3 50. Kxe3 Nd5+ 51. Kd2 Nf4 52. Rg4 Nxg6 53. Rxg6
Kf7 54. Rh6 Ke7 55. b5 Nf5 56. Rh7+ Rf7 57. Rxf7+ Kxf7 58. b6 Kg7 59. Rg1+ Kf7
60. Rh1 Kg7 61. Kd3 Ne7 62. Bc1 Ng6 63. Bg5 1-0

[Event "Sao Paulo"]
[Site "Sao Paulo"]
[Date "1977.??.??"]
[Round "7"]
[White "Trois, Francisco RT"]
[Black "Bronstein, Luis"]
[Result "0-1"]
[WhiteElo "2395"]
[BlackElo "2385"]
[PlyCount "88"]
[EventDate "1977.05.??"]
[Source "ChessBase"]
[SourceDate "1997.11.17"]

1. e4 c5 2. Nf3 e6 3. d4 cxd4 4. Nxd4 Nc6 5. Nxc6 bxc6 6. Bd3 Nf6 7. O-O e5 8.
c4 Bc5 9. Nc3 d6 10. Rb1 a5 11. Na4 Bd4 12. c5 dxc5 13. Qc2 Ng4 14. h3 h5 15.
Qe2 Qh4 16. Qf3 Be6 17. Be3 c4 18. Bc2 Nxe3 19. fxe3 Ba7 20. Nc3 Qg5 21. Rbe1
Rh6 22. Ba4 Rc8 23. Bd1 h4 24. Kh1 Rf6 25. Qe2 Rxf1+ 26. Qxf1 Bxe3 27. Qf3 Bd4
28. Rf1 f6 29. Ba4 Kf8 30. Nd1 Kg8 31. Bc2 Qd2 32. Ba4 Qd3 33. Kh2 Qxf3 34.
Rxf3 Rb8 35. Bxc6 Bxb2 36. Nxb2 Rxb2 37. Ra3 Rb6 38. Bd5 Bxd5 39. exd5 Rb5 40.
Rc3 Rc5 41. Kg1 Kf7 42. Kf2 Ke7 43. Ke3 Kd6 44. Ke4 g6 0-1

[Event "Sao Paulo"]
[Site "Sao Paulo"]
[Date "1977.??.??"]
[Round "8"]
[White "Camara, Helder"]
[Black "Trois, Francisco RT"]
[Result "1-0"]
[WhiteElo "2320"]
[BlackElo "2395"]
[PlyCount "81"]
[EventDate "1977.05.??"]
[Source "ChessBase"]
[SourceDate "1997.11.17"]

1. e4 Nf6 2. e5 Nd5 3. d4 d6 4. Nf3 Bg4 5. Be2 c6 6. O-O Bxf3 7. Bxf3 dxe5 8.
dxe5 e6 9. Qe2 Nd7 10. c4 Ne7 11. Nc3 Qc7 12. Bf4 O-O-O 13. Rac1 Nf5 14. Rfd1
h6 15. c5 g5 16. Nb5 Qa5 17. Bd2 Qxb5 18. Qxb5 cxb5 19. Ba5 Bxc5 20. Bxd8 Rxd8
21. b4 b6 22. bxc5 bxc5 23. Bc6 Nd4 24. Bxd7+ Rxd7 25. Rxc5+ Kd8 26. Kf1 a6 27.
Rdc1 Ra7 28. Rc8+ Kd7 29. R8c3 Ke8 30. Rd1 Nf5 31. Rc8+ Ke7 32. Rdd8 a5 33. g4
Nh4 34. Ra8 Rc7 35. Rdc8 Rxc8 36. Rxc8 Ng6 37. Rc5 Kd7 38. Rxb5 a4 39. Ra5 Kc6
40. Rxa4 Nxe5 41. h3 1-0

[Event "Sao Paulo"]
[Site "Sao Paulo"]
[Date "1977.??.??"]
[Round "10"]
[White "Trois, Francisco RT"]
[Black "Rocha, Antonio"]
[Result "1/2-1/2"]
[WhiteElo "2395"]
[BlackElo "2365"]
[PlyCount "47"]
[EventDate "1977.05.??"]
[Source "ChessBase"]
[SourceDate "1997.11.17"]

1. c4 Nf6 2. Nf3 b6 3. g3 Bb7 4. Bg2 e6 5. O-O Be7 6. b3 O-O 7. Bb2 d5 8. e3 c5
9. Qe2 Nc6 10. d3 Qc7 11. Nc3 Rad8 12. cxd5 Nxd5 13. Nxd5 Rxd5 14. d4 cxd4 15.
Nxd4 Nxd4 16. Bxd4 Rd7 17. Rac1 Qb8 18. Qg4 g6 19. Bc6 Bxc6 20. Rxc6 Rfd8 21.
Qe4 Bf8 22. h4 Bg7 23. Bxg7 Kxg7 24. a4 1/2-1/2

[Event "Sao Paulo"]
[Site "Sao Paulo"]
[Date "1977.??.??"]
[Round "11"]
[White "Benko, Pal C"]
[Black "Trois, Francisco RT"]
[Result "1-0"]
[WhiteElo "2455"]
[BlackElo "2395"]
[PlyCount "89"]
[EventDate "1977.05.??"]
[Source "ChessBase"]
[SourceDate "1997.11.17"]

1. c4 e5 2. Nc3 d6 3. d4 exd4 4. Qxd4 Nc6 5. Qd2 Nf6 6. b3 g6 7. Bb2 Bg7 8. g3
O-O 9. Bg2 Re8 10. Nh3 Ne5 11. O-O Rb8 12. Nf4 a6 13. Rad1 Bf5 14. e4 Bg4 15.
f3 Bd7 16. Nfd5 Nxd5 17. Nxd5 Bc6 18. Qc2 b6 19. Bh3 Bd7 20. Bxd7 Nxd7 21. Bxg7
Kxg7 22. Qc3+ f6 23. a3 Nc5 24. Rf2 Nd7 25. Kg2 Ne5 26. h3 Nf7 27. b4 c6 28.
Nf4 Qe7 29. Rfd2 Rb7 30. Qb3 Kg8 31. Qa4 Qc7 32. c5 dxc5 33. bxc5 bxc5 34. Nd5
Qe5 35. Qxc6 Reb8 36. Nxf6+ Kg7 37. Nd7 Rxd7 38. Rxd7 Rb2+ 39. R1d2 Qc3 40. Qd5
Rxd2+ 41. Qxd2 Qxa3 42. e5 Kf8 43. e6 Ng5 44. Qd6+ Kg8 45. Qb8# 1-0

[Event "Tramandai zt"]
[Site "Tramandai"]
[Date "1978.??.??"]
[Round "1"]
[White "Trois, Francisco RT"]
[Black "Braga, Cicero"]
[Result "1-0"]
[WhiteElo "2385"]
[BlackElo "2200"]
[PlyCount "73"]
[EventDate "1978.??.??"]
[Source "ChessBase"]

1. Nf3 Nf6 2. c4 g6 3. Nc3 Bg7 4. d4 O-O 5. e4 d6 6. h3 e5 7. d5 Nbd7 8. Be3
Nc5 9. Nd2 a5 10. g4 Ne8 11. h4 f5 12. gxf5 gxf5 13. Qe2 Ne6 14. dxe6 f4 15.
Bh3 fxe3 16. Qxe3 c6 17. Na4 Rf6 18. Nb6 Bh6 19. Qg3+ Rg6 20. Qb3 Bxd2+ 21.
Kxd2 a4 22. e7 Qxe7 23. Qe3 Bxh3 24. Nxa8 Bg2 25. Rh2 d5 26. h5 Rg7 27. cxd5
cxd5 28. f3 dxe4 29. fxe4 Qb4+ 30. Qc3 Qxe4 31. Re1 Qf4+ 32. Qe3 Qxh2 33. Qxe5
Qxe5 34. Rxe5 Bc6 35. Nb6 Rg2+ 36. Kc3 Kf7 37. Nc4 {time} 1-0

[Event "Tramandai zt"]
[Site "Tramandai"]
[Date "1978.??.??"]
[Round "12"]
[White "Trois, Francisco RT"]
[Black "Gonzalez, Bernal"]
[Result "1-0"]
[WhiteElo "2385"]
[BlackElo "2200"]
[PlyCount "71"]
[EventDate "1978.??.??"]
[Source "ChessBase"]

1. Nf3 Nf6 2. c4 e6 3. Nc3 b6 4. e4 Bb7 5. d3 c5 6. g3 d6 7. Bg2 Be7 8. O-O
Nbd7 9. b3 O-O 10. Bb2 a6 11. Re1 Ra7 12. d4 cxd4 13. Nxd4 Qa8 14. Qe2 Rc8 15.
h3 Bf8 16. Kh2 Nc5 17. Rad1 Qb8 18. f4 Ba8 19. Rd2 Rac7 20. Bf3 Bb7 21. Qg2 Qa8
22. Ree2 Kh8 23. Nc2 Ng8 24. Nd4 Ne7 25. h4 Nc6 26. Nc2 Na7 27. Nd4 Kg8 28. h5
h6 29. Rd1 Nc6 30. Nc2 Qb8 31. Red2 Ba8 32. b4 Nd7 33. Rd3 b5 34. c5 Nxc5 35.
bxc5 dxc5 36. e5 {time} 1-0

[Event "Buenos Aires olm"]
[Site "Buenos Aires"]
[Date "1978.??.??"]
[Round "?"]
[White "Cooper, John G"]
[Black "Trois, Francisco RT"]
[Result "1-0"]
[WhiteElo "2315"]
[BlackElo "2385"]
[PlyCount "137"]
[EventDate "1978.10.??"]
[Source "ChessBase"]

1. d4 Nf6 2. c4 d6 3. Nc3 e5 4. Nf3 Nc6 5. d5 Ne7 6. e4 g6 7. c5 Bg7 8. cxd6
cxd6 9. Bb5+ Nd7 10. O-O O-O 11. Be3 f5 12. Ng5 Nf6 13. Be2 h6 14. Ne6 Bxe6 15.
dxe6 fxe4 16. Qb3 b6 17. Rad1 d5 18. Nxd5 Nexd5 19. Bc4 Qe7 20. Bxd5 Nxd5 21.
Qxd5 Rae8 22. Qxe4 Qxe6 23. b3 Qf5 24. f3 Qxe4 25. fxe4 Rxf1+ 26. Kxf1 Kf7 27.
Rc1 Bf8 28. Ke2 h5 29. Kd3 Rd8+ 30. Kc4 Ke6 31. Kb5 Rd3 32. Bg5 Rd4 33. Rc4 Rd7
34. Rc6+ Bd6 35. Bd2 Kf7 36. Bc3 g5 37. Rc8 Bc5 38. Kc4 Bd4 39. Bd2 g4 40. Rh8
Kg6 41. Rh6+ Kg7 42. Rxh5 Bb2 43. Be3 Rc7+ 44. Kd3 Rc3+ 45. Kd2 Kf6 46. Rg5 Rc7
47. Rxg4 Bc1+ 48. Kd3 Bxe3 49. Kxe3 Rc2 50. h4 Rxa2 51. h5 Ra1 52. Kd3 b5 53.
Rg6+ Kf7 54. Rg5 Ke6 55. Rg6+ Kf7 56. Rg5 Ke6 57. g4 Rh1 58. b4 Rh3+ 59. Ke2
Kf6 60. Rf5+ Ke6 61. Kf2 a5 62. bxa5 b4 63. a6 b3 64. a7 Rh2+ 65. Kf3 Ra2 66.
g5 Kd6 67. Rf8 Rxa7 68. Rb8 Rf7+ 69. Kg3 1-0

[Event "Buenos Aires olm"]
[Site "Buenos Aires"]
[Date "1978.??.??"]
[Round "?"]
[White "Trois, Francisco RT"]
[Black "Chavez, Romelio"]
[Result "1-0"]
[WhiteElo "2385"]
[BlackElo "2265"]
[PlyCount "135"]
[EventDate "1978.10.??"]
[Source "ChessBase"]

1. e4 g6 2. d4 Bg7 3. Nf3 d6 4. c3 Nf6 5. Nbd2 O-O 6. a4 Nbd7 7. Bc4 e5 8. O-O
Qe7 9. Re1 c5 10. dxe5 dxe5 11. a5 Nh5 12. Bf1 Ndf6 13. Nc4 Ne8 14. b4 cxb4 15.
cxb4 Nc7 16. Qd6 Qxd6 17. Nxd6 Rd8 18. Nxc8 Raxc8 19. Bb2 f6 20. Bc4+ Kh8 21.
b5 Nf4 22. Red1 Nce6 23. Rxd8+ Nxd8 24. Rc1 g5 25. g3 Nfe6 26. h3 h5 27. Kf1
Bf8 28. Nd2 g4 29. hxg4 hxg4 30. Ke2 Bh6 31. Bd5 Rxc1 32. Bxc1 Nd4+ 33. Kd3
Nxb5 34. Bb2 Bf8 35. Nc4 Bc5 36. Ne3 b6 37. Nxg4 Kg7 38. f4 Nf7 39. fxe5 fxe5
40. Nxe5 Nxe5+ 41. Bxe5+ Kg6 42. Bf4 a6 43. Bb7 bxa5 44. Bxa6 Nd6 45. e5 Nf5
46. Bb5 Ne7 47. g4 Bb4 48. Ke4 Kf7 49. Be3 Kg7 50. Be8 Kf8 51. Bd7 Kf7 52. Bg5
Kg6 53. Bf6 Kf7 54. g5 Ng8 55. Kf5 Ne7+ 56. Kg4 Nd5 57. Kf5 Ne7+ 58. Kg4 Nd5
59. Kf5 Ne7+ 60. Ke4 Ng8 61. Ba4 Nxf6+ 62. gxf6 Ba3 63. Kf5 Bb4 64. e6+ Kf8 65.
Ke4 Ba3 66. Kd5 Bb4 67. Kc6 Ba3 68. Kd7 1-0

[Event "Eerbeek"]
[Site "Eerbeek"]
[Date "1978.??.??"]
[Round "1"]
[White "Bohm, Hans"]
[Black "Trois, Francisco RT"]
[Result "1-0"]
[WhiteElo "2410"]
[BlackElo "2385"]
[PlyCount "79"]
[EventDate "1978.11.??"]
[Source "ChessBase"]

1. d4 Nf6 2. c4 e6 3. Nc3 Bb4 4. Bg5 h6 5. Bh4 c5 6. d5 Bxc3+ 7. bxc3 d6 8. e3
e5 9. f3 g5 10. Bg3 Bf5 11. h4 Rg8 12. hxg5 hxg5 13. Bd3 e4 14. Bc2 Qe7 15. Rb1
Na6 16. Ne2 O-O-O 17. Kd2 Nb8 18. Qf1 Nbd7 19. f4 Bg4 20. Rh6 Nb6 21. Bb3 Bxe2
22. Qxe2 gxf4 23. Bxf4 Ng4 24. Rh5 Rg6 25. Rbh1 Rdg8 26. Rh8 Ne5 27. Rxg8+ Rxg8
28. Rh5 Nd3 29. g4 a5 30. a3 a4 31. Ba2 Qd7 32. g5 Kc7 33. Rh6 Rg6 34. Qh5 Qf5
35. Qh3 Qxh3 36. Rxh3 Nb2 37. Rh7 N2xc4+ 38. Kc1 Nxa3 39. Rxf7+ Nd7 40. c4 1-0

[Event "Eerbeek"]
[Site "Eerbeek"]
[Date "1978.??.??"]
[Round "2"]
[White "Trois, Francisco RT"]
[Black "Van der Sterren, Paul"]
[Result "1-0"]
[WhiteElo "2385"]
[BlackElo "2400"]
[PlyCount "89"]
[EventDate "1978.11.??"]
[Source "ChessBase"]

1. d4 d5 2. c4 dxc4 3. Nf3 Nf6 4. e3 e6 5. Bxc4 c5 6. O-O a6 7. a4 Nc6 8. Qe2
cxd4 9. Rd1 Be7 10. exd4 O-O 11. Nc3 Nb4 12. Ne5 Nfd5 13. Ne4 b6 14. Ra3 f6 15.
Nf3 Bd7 16. Ra1 Be8 17. Bd2 Bf7 18. Rac1 a5 19. Ne1 Qd7 20. Bb5 Qa7 21. Nd3
Rad8 22. Nf4 Qb8 23. Nxd5 Rxd5 24. Be3 Rdd8 25. Nc3 Bd6 26. h3 Qb7 27. Qg4 Kh8
28. Ne4 Bb8 29. Qh4 Bg6 30. Ng3 e5 31. dxe5 Bxe5 32. Bd4 Bc2 33. Rd2 g5 34. Qg4
Rxd4 35. Rxd4 f5 36. Nxf5 Bxf5 37. Qd1 Bxd4 38. Qxd4+ Qg7 39. Qxb6 Qxb2 40. Rd1
Bg6 41. Rd8 Qc1+ 42. Kh2 Qf4+ 43. g3 Qf5 44. Bd7 Qf3 45. Bg4 1-0

[Event "Eerbeek"]
[Site "Eerbeek"]
[Date "1978.??.??"]
[Round "3"]
[White "Nikolac, Juraj"]
[Black "Trois, Francisco RT"]
[Result "1/2-1/2"]
[WhiteElo "2495"]
[BlackElo "2385"]
[PlyCount "147"]
[EventDate "1978.11.??"]
[Source "ChessBase"]

1. Nf3 c5 2. g3 Nc6 3. Bg2 d5 4. d4 Nf6 5. O-O e6 6. c4 cxd4 7. Nxd4 Bc5 8.
Nxc6 bxc6 9. Qc2 Bb6 10. Nd2 O-O 11. b3 Qe7 12. e4 Bb7 13. Bb2 Rfd8 14. Rae1
Ba5 15. e5 Ne4 16. Bxe4 dxe4 17. Bc3 Bxc3 18. Qxc3 Rd3 19. Qa5 c5 20. Nxe4 Bxe4
21. Rxe4 h5 22. f3 Rc8 23. Rf2 Qc7 24. Qxc7 Rxc7 25. Kg2 a5 26. Rfe2 Rcd7 27.
Kf2 Kh7 28. Rh4 Kg6 29. g4 hxg4 30. Rxg4+ Kh7 31. Rge4 Rd1 32. Rc2 Rh1 33. Kg2
Rhd1 34. Kg3 Rg1+ 35. Kf2 Rh1 36. Ke3 Re1+ 37. Re2 Red1 38. Rh4+ Kg8 39. Kf2
R7d3 40. Rhe4 Rh1 41. Kg2 Rhd1 42. Rb2 Kh7 43. Kf2 Rd7 44. Ke3 Re1+ 45. Kf4 Rf1
46. Ree2 Rfd1 47. Re4 Rf1 48. Ke3 Re1+ 49. Re2 Red1 50. Rh4+ Kg8 51. Rg4 R7d3+
52. Kf2 Rd7 53. Rg2 R7d4 54. Rg4 Rd7 55. Rg1 R1d3 56. Kg3 Kh7 57. Kf2 R7d4 58.
Rg4 Rd7 59. h3 Rd1 60. Rg1 R1d3 61. Kg3 Rc3 62. Rgg2 Rcd3 63. Re4 Rd2 64. Ree2
R2d3 65. Kf4 R7d4+ 66. Re4 Rd7 67. Kg4 Rd2 68. Rge2 Rd1 69. Kg3 R1d3 70. Rh4+
Kg8 71. Kf2 Rc3 72. Rhe4 Rcd3 73. Kg3 Kh7 74. R4e3 1/2-1/2

[Event "Eerbeek"]
[Site "Eerbeek"]
[Date "1978.??.??"]
[Round "4"]
[White "Taylor, Timothy"]
[Black "Trois, Francisco RT"]
[Result "1-0"]
[WhiteElo "2460"]
[BlackElo "2385"]
[PlyCount "67"]
[EventDate "1978.11.??"]
[Source "ChessBase"]

1. d4 Nf6 2. c4 e6 3. Nc3 d5 4. Bg5 Be7 5. e3 O-O 6. Nf3 h6 7. Bh4 b6 8. Qc2
Bb7 9. Bxf6 Bxf6 10. cxd5 exd5 11. O-O-O Nc6 12. h4 Bc8 13. Be2 Be6 14. g4 g6
15. g5 hxg5 16. Nxg5 Bxg5 17. hxg5 Qxg5 18. f4 Qf6 19. Bb5 Ne7 20. Qh2 Rfd8 21.
e4 c6 22. f5 Bxf5 23. exf5 cxb5 24. fxg6 Nxg6 25. Rdf1 Qg7 26. Qh5 Rac8 27. Kb1
Rc6 28. Nxd5 Rcd6 29. Ne3 Qh8 30. Qf3 Qg7 31. Nf5 Rf6 32. Nh6+ Qxh6 33. Qxf6
Qf8 34. Rfg1 1-0

[Event "Eerbeek"]
[Site "Eerbeek"]
[Date "1978.??.??"]
[Round "5"]
[White "Trois, Francisco RT"]
[Black "Bellin, Robert"]
[Result "1/2-1/2"]
[WhiteElo "2385"]
[BlackElo "2420"]
[PlyCount "84"]
[EventDate "1978.11.??"]
[Source "ChessBase"]

1. d4 Nf6 2. Nf3 e6 3. c4 b6 4. g3 Ba6 5. Qa4 Bb7 6. Bg2 c5 7. Nc3 Be7 8. e3
Qc8 9. O-O Ne4 10. Qc2 Nxc3 11. Qxc3 Be4 12. Ne1 Bxg2 13. Nxg2 O-O 14. Bd2 d6
15. Qd3 Qb7 16. Bc3 Nd7 17. Rad1 Qf3 18. d5 e5 19. e4 Qxd3 20. Rxd3 Bf6 21. Bd2
g6 22. Ne3 a6 23. a4 Bg5 24. Rb3 a5 25. Kg2 h5 26. f3 Kh7 27. Be1 Rae8 28. Nd1
f5 29. Nc3 Be7 30. Bd2 Rf7 31. h3 Ref8 32. Rf2 Rb8 33. Re2 f4 34. g4 hxg4 35.
hxg4 Kg7 36. Re1 Rff8 37. Rh1 Rh8 38. Rxh8 Kxh8 39. Nb5 Rb7 40. Na3 Rb8 41. Nb5
Rb7 42. Be1 g5 1/2-1/2

[Event "Eerbeek"]
[Site "Eerbeek"]
[Date "1978.??.??"]
[Round "6"]
[White "Pribyl, Josef"]
[Black "Trois, Francisco RT"]
[Result "0-1"]
[WhiteElo "2455"]
[BlackElo "2385"]
[PlyCount "182"]
[EventDate "1978.11.??"]
[Source "ChessBase"]

1. d4 d5 2. Bg5 g6 3. e3 Bg7 4. Nf3 Nf6 5. c4 c5 6. Nc3 Ne4 7. Bh4 Qa5 8. Qb3
cxd4 9. exd4 g5 10. Bg3 g4 11. Ne5 Nc6 12. Rd1 Nxg3 13. Nxc6 bxc6 14. hxg3 Be6
15. cxd5 Bxd5 16. Bc4 Rd8 17. Bxd5 Rxd5 18. Qb7 Rd6 19. Qc8+ Qd8 20. Qxg4 Bxd4
21. Rh4 Bxc3+ 22. bxc3 Rxd1+ 23. Qxd1 Qxd1+ 24. Kxd1 Kd7 25. Rh6 f6 26. Kc2 Kd6
27. Rh4 Kc7 28. Kd3 Kd6 29. Rb4 Rg8 30. Rb7 a5 31. Ra7 Rg5 32. c4 h5 33. Kd4
Re5 34. Kd3 Rg5 35. a4 h4 36. c5+ Ke6 37. Rxa5 hxg3 38. f4 Rh5 39. Ke4 Rd5 40.
Ra7 Rxc5 41. f5+ Kd6 42. Kf4 Rc3 43. a5 Ra3 44. a6 c5 45. Ra8 Ra4+ 46. Kxg3 Ke5
47. Re8 Rxa6 48. Rxe7+ Kxf5 49. Rc7 Ra5 50. Rc8 Ke5 51. Re8+ Kd5 52. Rd8+ Ke4
53. Re8+ Kd4 54. Rd8+ Ke4 55. Re8+ Kf5 56. Rc8 Ra3+ 57. Kh4 Rc3 58. g4+ Ke5 59.
Re8+ Kd4 60. Rd8+ Kc4 61. Rd1 Rd3 62. Rc1+ Kb4 63. Rb1+ Ka3 64. Ra1+ Kb4 65.
Rb1+ Ka5 66. Rc1 Kb6 67. Kh5 Rd6 68. Kg6 Rc6 69. Rb1+ Kc7 70. Kf5 c4 71. Ke4 c3
72. Rc1 c2 73. Kf5 Kb6 74. Ke4 Ka5 75. Kd5 Kb5 76. Ke4 Rc5 77. Kd3 Kb4 78. Rxc2
Rxc2 79. Kxc2 Kc4 80. Kd2 Kd4 81. Ke2 Ke4 82. Kf2 Kf4 83. g5 fxg5 84. Kg2 Kg4
85. Kh2 Kf3 86. Kh3 g4+ 87. Kh2 Kf2 88. Kh1 Kg3 89. Kg1 Kh3 90. Kh1 g3 91. Kg1
g2 0-1

[Event "Eerbeek"]
[Site "Eerbeek"]
[Date "1978.??.??"]
[Round "7"]
[White "Trois, Francisco RT"]
[Black "Borm, Franciscus WM"]
[Result "1/2-1/2"]
[WhiteElo "2385"]
[BlackElo "2320"]
[PlyCount "108"]
[EventDate "1978.11.??"]
[Source "ChessBase"]

1. Nf3 Nf6 2. c4 e6 3. d4 c6 4. Qc2 d5 5. Nbd2 Nbd7 6. g3 b5 7. b3 Be7 8. Bg2
O-O 9. O-O Ba6 10. c5 Bb7 11. a4 a6 12. b4 Ne8 13. Nb3 Nc7 14. Na5 Qc8 15. Bf4
Re8 16. Bd6 bxa4 17. Bxe7 Rxe7 18. Rxa4 Nb5 19. e3 Qc7 20. Qb2 Rae8 21. Rfa1
Bc8 22. Ne5 Nb8 23. f4 f6 24. Nd3 Kh8 25. Rd1 Rd8 26. Raa1 Bd7 27. Nb3 Be8 28.
Rd2 Bg6 29. Rf1 Bxd3 30. Rxd3 f5 31. Rd2 Rg8 32. Ra1 h6 33. Nc1 g5 34. Nd3 Rh7
35. Ne5 g4 36. Bf1 Qb7 37. Ra5 Nc7 38. Qa3 h5 39. Rg2 Kg7 40. Qc3 Kf6 41. Raa2
Nb5 42. Qa1 Nc7 43. Rab2 Nb5 44. Rbc2 Rhg7 45. Qa5 Rc8 46. Rc1 Qc7 47. Qb6 Rh7
48. Bxb5 cxb5 49. Qxc7 Rhxc7 50. h3 Nc6 51. h4 Rb7 52. Ra2 Ra8 53. Kf2 Ke7 54.
Rca1 Rba7 1/2-1/2

[Event "Eerbeek"]
[Site "Eerbeek"]
[Date "1978.??.??"]
[Round "9"]
[White "Trois, Francisco RT"]
[Black "Baljon, Christofoor"]
[Result "1/2-1/2"]
[WhiteElo "2385"]
[BlackElo "2220"]
[PlyCount "87"]
[EventDate "1978.11.??"]
[Source "ChessBase"]

1. Nf3 Nf6 2. d4 g6 3. c4 Bg7 4. Nc3 O-O 5. Bg5 h6 6. Bh4 c5 7. d5 d6 8. e4 e6
9. Nd2 a6 10. a4 Nbd7 11. Be2 Qc7 12. dxe6 fxe6 13. f4 Nb8 14. O-O Nc6 15. Nb3
b6 16. Bg3 Bb7 17. h3 Nd4 18. Bd3 Qc6 19. Nd2 Rf7 20. Rf2 Raf8 21. Bh2 Nd7 22.
Nf3 g5 23. fxg5 hxg5 24. Bg3 Nxf3+ 25. Rxf3 Rxf3 26. gxf3 Be5 27. Bxe5 Nxe5 28.
Be2 Ng6 29. Qd2 Nf4 30. Rd1 Rd8 31. Kh2 Kg7 32. Rg1 Kf6 33. e5+ Ke7 34. Rxg5
dxe5 35. Rg7+ Kf8 36. Qxd8+ Kxg7 37. Qg5+ Kf7 38. Qxe5 Nxe2 39. Qh5+ Ke7 40.
Qg5+ Kd7 41. Qg7+ Ke8 42. Qg8+ Ke7 43. Qg7+ Ke8 44. Qg6+ 1/2-1/2